[Event "FRA-chT2 0910"]
[Site "France"]
[Date "2010.01.24"]
[Round "7.7"]
[White "Murie, Eric"]
[Black "Foussard, Gervais"]
[Result "0-1"]
[WhiteElo "2092"]
[BlackElo "1919"]
[PlyCount "56"]
[EventDate "2009.09.27"]
[EventType "team-tourn"]
[EventRounds "11"]
[EventCountry "FRA"]
[SourceTitle "EXT 2011"]
[Source "ChessBase"]
[SourceDate "2010.11.26"]
[SourceVersion "1"]
[SourceVersionDate "2010.11.26"]
[SourceQuality "1"]

1. e4 c5 2. c3 d5 3. exd5 Qxd5 4. Nf3 Nc6 5. d4 cxd4 6. cxd4 e6 7. Be2 Nf6 8. Nc3 Bb4 9. 0-0 Qa5 10. Qc2 0-0 11. Be3 Bd7 12. Rfd1 Rac8 13. Rac1 Ne7 14. Qd3 Ng6 15. Bd2 Bc6 16. a3 Be7 17. Nb5 Qb6 18. b4 Ne4 19. Be3 Bxb5 20. Qxb5 Qxb5 21. Bxb5 Nc3 22. Bd3 Nxd1 23. Rxd1 Rc3 24. Bc1 Rfc8 25. Bb2 Rb3 26. Rd2 a5 27. d5 Bf6 28. Bxf6 Rxd3 0-1

[Event "FRA-chT2 0910"]
[Site "France"]
[Date "2009.12.12"]
[Round "5.7"]
[White "Murie, Eric"]
[Black "Simon, Laurent"]
[Result "1/2-1/2"]
[WhiteElo "2096"]
[BlackElo "2055"]
[PlyCount "71"]
[EventDate "2009.09.27"]
[EventType "team-tourn"]
[EventRounds "11"]
[EventCountry "FRA"]
[SourceTitle "EXT 2011"]
[Source "ChessBase"]
[SourceDate "2010.11.26"]
[SourceVersion "1"]
[SourceVersionDate "2010.11.26"]
[SourceQuality "1"]

1. e4 e5 2. d4 exd4 3. Qxd4 Nc6 4. Qe3 d6 5. Nc3 Nf6 6. Bd2 Be7 7. 0-0-0 0-0 8. h3 a6 9. Nd5 Nxd5 10. exd5 Ne5 11. f4 Nd7 12. g4 Nc5 13. Ne2 Re8 14. Qf3 Bf8 15. Nd4 Qd7 16. Nb3 Qa4 17. Nxc5 dxc5 18. Kb1 Bd7 19. Qb3 Qxb3 20. axb3 Bd6 21. Bd3 a5 22. Rdf1 a4 23. bxa4 Rxa4 24. b3 Raa8 25. Kb2 b5 26. Re1 Rxe1 27. Rxe1 Re8 28. Rxe8+ Bxe8 29. c4 b4 30. Bf5 c6 31. Be4 cxd5 32. cxd5 Bb5 33. Kc2 c4 34. bxc4 Bxc4 35. Bc1 Kf8 36. h4 1/2-1/2

[Event "Rohde op 09th"]
[Site "Sautron"]
[Date "2009.10.24"]
[Round "1"]
[White "Murie, Eric"]
[Black "Lalic, Bogdan"]
[Result "1/2-1/2"]
[WhiteElo "2083"]
[BlackElo "2495"]
[PlyCount "63"]
[EventDate "2009.10.24"]
[EventType "swiss"]
[EventRounds "9"]
[EventCountry "FRA"]
[SourceTitle "EXT 2010"]
[Source "ChessBase"]
[SourceDate "2010.11.25"]
[SourceVersion "1"]
[SourceVersionDate "2010.11.25"]
[SourceQuality "1"]

1. e4 c5 2. c3 d5 3. exd5 Qxd5 4. d4 Nf6 5. Nf3 Bg4 6. Be2 e6 7. Be3 cxd4 8. cxd4 Bb4+ 9. Nc3 0-0 10. 0-0 Qa5 11. Qb3 Nc6 12. a3 Bxc3 13. bxc3 Qc7 14. c4 Rfd8 15. Rfd1 Na5 16. Qa2 Bxf3 17. gxf3 Nh5 18. Rac1 Nf4 19. Bf1 Ng6 20. Qc2 Qe7 21. Qe4 f5 22. Qd3 Nc6 23. d5 Nce5 24. Qe2 Nh4 25. f4 Nef3+ 26. Kh1 e5 27. c5 e4 28. d6 Qf6 29. Qc4+ Kh8 30. c6 bxc6 31. Qxc6 Nxh2 32. d7 1/2-1/2

[Event "FRA-chT2 0910"]
[Site "France"]
[Date "2009.10.17"]
[Round "2.8"]
[White "Doucet, Antoine"]
[Black "Murie, Eric"]
[Result "0-1"]
[WhiteElo "1791"]
[BlackElo "2083"]
[PlyCount "72"]
[EventDate "2009.09.27"]
[EventType "team-tourn"]
[EventRounds "11"]
[EventCountry "FRA"]
[SourceTitle "EXT 2011"]
[Source "ChessBase"]
[SourceDate "2010.11.26"]
[SourceVersion "1"]
[SourceVersionDate "2010.11.26"]
[SourceQuality "1"]

1. d4 Nf6 2. c4 e6 3. Nc3 Bb4 4. Qc2 d5 5. cxd5 exd5 6. e3 0-0 7. Bd3 Re8 8. Nge2 Nbd7 9. 0-0 Nf8 10. Qb3 Bd6 11. f3 c5 12. Bb5 Re7 13. Ng3 c4 14. Qd1 Bxg3 15. hxg3 Qd6 16. Kf2 Bf5 17. Ba4 a6 18. Bc2 Bxc2 19. Qxc2 b5 20. b3 Rc8 21. Qf5 Rec7 22. Ne2 cxb3 23. axb3 Rc2 24. Bd2 Ne6 25. Qd3 Qb6 26. Ra5 Ng5 27. Rfa1 Rxd2 28. Qxd2 Nge4+ 29. fxe4 Nxe4+ 30. Ke1 Nxd2 31. Kxd2 Qg6 32. R1a2 Qb1 33. Rxa6 Qxb3 34. R6a3 Qb4+ 35. Nc3 g6 36. Ra5 Qxc3+ 0-1

[Event "Parys de Loire Cup fin"]
[Site "Cantenay Epinard"]
[Date "2009.06.27"]
[Round "?"]
[White "Gayon, Benoit"]
[Black "Murie, Eric"]
[Result "0-1"]
[WhiteElo "1973"]
[BlackElo "2067"]
[PlyCount "50"]
[EventDate "2009.06.27"]
[EventType "team-match"]
[EventRounds "1"]
[EventCountry "FRA"]
[SourceTitle "EXT 2010"]
[Source "ChessBase"]
[SourceDate "2010.11.25"]
[SourceVersion "1"]
[SourceVersionDate "2010.11.25"]
[SourceQuality "1"]
[WhiteTeam "Getigne"]
[BlackTeam "Nantes"]
[WhiteTeamCountry "FRA"]
[BlackTeamCountry "FRA"]

1. e4 e6 2. d4 d5 3. e5 c5 4. c3 Nc6 5. Be3 cxd4 6. cxd4 Nh6 7. Nf3 Nf5 8. Nc3 Be7 9. Be2 0-0 10. 0-0 f6 11. Bf4 fxe5 12. Bxe5 Bf6 13. Rc1 Bd7 14. g4 Bxe5 15. dxe5 Nh4 16. Nxh4 Qxh4 17. Nxd5 Nxe5 18. Rc7 Rad8 19. f4 Ng6 20. Bc4 exd5 21. Qxd5+ Kh8 22. Qxb7 Qxg4+ 23. Kh1 Rxf4 24. Rxf4 Nxf4 25. Bf1 Be6 0-1

[Event "Angers op 4th"]
[Site "Angers"]
[Date "2009.04.17"]
[Round "1"]
[White "Murie, Eric"]
[Black "Delaitre, Frederic"]
[Result "1-0"]
[WhiteElo "2067"]
[BlackElo "1860"]
[PlyCount "63"]
[EventDate "2009.04.17"]
[EventType "swiss"]
[EventRounds "6"]
[EventCountry "FRA"]
[SourceTitle "CBM 129 Extra"]
[Source "ChessBase"]
[SourceDate "2009.05.05"]
[SourceVersion "2"]
[SourceVersionDate "2009.05.20"]
[SourceQuality "1"]

1. e4 e6 2. d4 d5 3. Nc3 dxe4 4. Nxe4 Nd7 5. Nf3 Ngf6 6. Nxf6+ Nxf6 7. Bd3 Be7 8. 0-0 0-0 9. c3 c6 10. Ne5 Qb6 11. b4 a5 12. Nc4 Qc7 13. Nxa5 b6 14. Nc4 Ba6 15. Ne3 Bxd3 16. Qxd3 Rfd8 17. Qe2 c5 18. dxc5 bxc5 19. b5 Nd7 20. c4 Bf6 21. Bb2 Bxb2 22. Qxb2 Nb6 23. Qc2 Ra4 24. Qe4 Rda8 25. Rab1 Rxa2 26. Qc6 Rc8 27. Qxc7 Rxc7 28. Rfd1 Rc8 29. Rd6 Rb8 30. Rc6 Nd7 31. Rc7 Rd8 32. Rd1 1-0

[Event "Angers op 4th"]
[Site "Angers"]
[Date "2009.04.17"]
[Round "2"]
[White "Primel, Dominique"]
[Black "Murie, Eric"]
[Result "1/2-1/2"]
[WhiteElo "1936"]
[BlackElo "2067"]
[PlyCount "38"]
[EventDate "2009.04.17"]
[EventType "swiss"]
[EventRounds "6"]
[EventCountry "FRA"]
[SourceTitle "CBM 129 Extra"]
[Source "ChessBase"]
[SourceDate "2009.05.05"]
[SourceVersion "2"]
[SourceVersionDate "2009.05.20"]
[SourceQuality "1"]

1. Nf3 e6 2. c4 Nf6 3. g3 d5 4. d4 c6 5. Qc2 Ne4 6. Bg2 f5 7. 0-0 Be7 8. b3 0-0 9. Ba3 Bd7 10. Bxe7 Qxe7 11. Nbd2 Be8 12. Ne5 Nd7 13. Ndf3 Ng5 14. Nxd7 Nxf3+ 15. exf3 Qxd7 16. f4 Bh5 17. c5 Qe7 18. Rfe1 Qf6 19. Qd2 h6 1/2-1/2

[Event "Nantes op 6th"]
[Site "Nantes"]
[Date "2007.12.28"]
[Round "4"]
[White "Murie, Eric"]
[Black "Le Goff, Ronan"]
[Result "1-0"]
[WhiteElo "2078"]
[BlackElo "1839"]
[PlyCount "45"]
[EventDate "2007.12.26"]
[EventType "swiss"]
[EventRounds "7"]
[EventCountry "FRA"]
[SourceTitle "CBM 122 Extra"]
[Source "ChessBase"]
[SourceDate "2008.03.04"]
[SourceVersion "1"]
[SourceVersionDate "2008.03.04"]
[SourceQuality "1"]

1. e4 e5 2. Nf3 Nc6 3. Bc4 Bc5 4. b4 Bxb4 5. c3 Ba5 6. Qb3 Qe7 7. d4 exd4 8. 0-0 d6 9. e5 d5 10. Bxd5 Bb6 11. Ba3 Na5 12. Qc2 Qd8 13. Be4 Be6 14. cxd4 Qd7 15. d5 Bxd5 16. Bxd5 Qxd5 17. Rd1 Qc6 18. Qf5 Nh6 19. Qg5 Qe6 20. Nbd2 Nc6 21. Ne4 Qg4 22. Qxh6 Qxe4 23. Qxg7 1-0

[Event "Rohde op 06th"]
[Site "Sautron"]
[Date "2006.11.04"]
[Round "9"]
[White "Ivanov, Jordan"]
[Black "Murie, Eric"]
[Result "1-0"]
[WhiteElo "2370"]
[BlackElo "2078"]
[PlyCount "61"]
[EventDate "2006.10.28"]
[EventType "swiss"]
[EventRounds "9"]
[EventCountry "FRA"]
[SourceTitle "EXT 2007"]
[Source "ChessBase"]
[SourceDate "2006.11.23"]
[SourceVersion "1"]
[SourceVersionDate "2006.11.23"]
[SourceQuality "1"]

1. d4 Nf6 2. c4 c5 3. d5 b5 4. cxb5 a6 5. b6 e6 6. Nc3 exd5 7. Nxd5 Nxd5 8. Qxd5 Nc6 9. Nf3 Rb8 10. e4 Be7 11. Bc4 0-0 12. 0-0 Rxb6 13. Qh5 d6 14. b3 Bf6 15. Ng5 Bxg5 16. Bxg5 Qe8 17. Rad1 Nd4 18. Qh4 Qd7 19. h3 Bb7 20. Be3 Ne6 21. f4 Qd8 22. Qxd8 Rxd8 23. f5 Nd4 24. Bxd4 cxd4 25. Rxd4 h6 26. Rfd1 Re8 27. Rxd6 Rxd6 28. Rxd6 Bxe4 29. Rd7 Rf8 30. g4 Kh7 31. Rxf7 1-0

[Event "Rohde op 06th"]
[Site "Sautron"]
[Date "2006.11.02"]
[Round "7"]
[White "Bergez, Luc"]
[Black "Murie, Eric"]
[Result "1-0"]
[WhiteElo "2395"]
[BlackElo "2078"]
[PlyCount "43"]
[EventDate "2006.10.28"]
[EventType "swiss"]
[EventRounds "9"]
[EventCountry "FRA"]
[SourceTitle "EXT 2007"]
[Source "ChessBase"]
[SourceDate "2006.11.23"]
[SourceVersion "1"]
[SourceVersionDate "2006.11.23"]
[SourceQuality "1"]

1. e4 e6 2. d4 d5 3. Nc3 Nf6 4. e5 Nfd7 5. f4 c5 6. Nf3 b6 7. f5 exf5 8. Nxd5 Bb7 9. Bg5 Qc8 10. Ne3 cxd4 11. Nxd4 Bb4+ 12. c3 Bxc3+ 13. bxc3 Qxc3+ 14. Kf2 0-0 15. Rc1 Qa5 16. Rc7 Qxe5 17. Rxb7 f4 18. Nef5 g6 19. Bb5 gxf5 20. Bxd7 Qd5 21. Nxf5 Qxa2+ 22. Qe2 1-0

[Event "FRA-chT2A 0506"]
[Site "France"]
[Date "2006.03.12"]
[Round "9.9"]
[White "Murie, Eric"]
[Black "Legrand, Heloise"]
[Result "0-1"]
[WhiteElo "2070"]
[BlackElo "2063"]
[PlyCount "100"]
[EventDate "2005.10.27"]
[EventType "team-tourn"]
[EventRounds "11"]
[EventCountry "FRA"]
[SourceTitle "EXT 2006"]
[Source "ChessBase"]
[SourceDate "2005.11.24"]
[SourceVersion "1"]
[SourceVersionDate "2005.11.24"]
[SourceQuality "1"]
[WhiteTeam "Nantes"]
[BlackTeam "Tours"]
[WhiteTeamCountry "FRA"]
[BlackTeamCountry "FRA"]

1. e4 c5 2. Nf3 d6 3. Bb5+ Bd7 4. Bxd7+ Nxd7 5. 0-0 Ngf6 6. Qe2 e6 7. c4 Be7 8. Nc3 0-0 9. d4 cxd4 10. Nxd4 a6 11. Kh1 Rc8 12. a4 Qb6 13. Nc2 Qb3 14. Ne3 Ne5 15. f4 Nxc4 16. Rf3 Nxe3 17. Qxe3 Qc4 18. Bd2 d5 19. exd5 Nxd5 20. Nxd5 Qxd5 21. Bc3 Bc5 22. Qe1 Bd4 23. Rh3 Bxc3 24. bxc3 Rfd8 25. Rf3 Qd2 26. Qxd2 Rxd2 27. h3 Rcd8 28. Ra3 Rb2 29. c4 Rd1+ 30. Kh2 Rdd2 31. Rg3 h5 32. c5 Rdc2 33. Rab3 Rxb3 34. Rxb3 Rxc5 35. Rxb7 Rc4 36. Kg3 g6 37. Ra7 Rxa4 38. Kf3 Kg7 39. Ra8 a5 40. Ra7 Ra2 41. h4 Kf6 42. Kg3 a4 43. Kf3 a3 44. Kg3 Ra1 45. Kf3 a2 46. Kg3 Kg7 47. Ra8 f6 48. Ra7+ Kf8 49. Kf2 e5 50. fxe5 fxe5 0-1

[Event "FRA-chT2A 0506"]
[Site "France"]
[Date "2005.11.20"]
[Round "3.9"]
[White "Barbet, Loic"]
[Black "Murie, Eric"]
[Result "1-0"]
[WhiteElo "2051"]
[BlackElo "2103"]
[PlyCount "113"]
[EventDate "2005.10.27"]
[EventType "team-tourn"]
[EventRounds "11"]
[EventCountry "FRA"]
[SourceTitle "EXT 2006"]
[Source "ChessBase"]
[SourceDate "2005.11.24"]
[SourceVersion "1"]
[SourceVersionDate "2005.11.24"]
[SourceQuality "1"]
[WhiteTeam "Saint Lo"]
[BlackTeam "Nantes"]
[WhiteTeamCountry "FRA"]
[BlackTeamCountry "FRA"]

1. e4 e5 2. Nf3 Nc6 3. Bb5 a6 4. Bxc6 dxc6 5. 0-0 Ne7 6. Nxe5 Qd4 7. Qh5 g6 8. Qg5 Be6 9. d3 h6 10. Qf6 Rh7 11. c3 Qd6 12. Qf4 g5 13. Qg3 0-0-0 14. d4 f5 15. Nd2 f4 16. Qf3 b5 17. a4 h5 18. axb5 cxb5 19. b3 g4 20. Qd1 h4 21. Ba3 Qb6 22. Bc5 Qb7 23. Nxg4 h3 24. g3 Rg7 25. Ne5 Nf5 26. Bxf8 Rxf8 27. d5 fxg3 28. fxg3 Qb6+ 29. Kh1 Rfg8 30. exf5 Bxd5+ 31. Ndf3 Bb7 32. Qd4 Qf6 33. Qf4 Re8 34. Rae1 Rge7 35. Nd3 Qxc3 36. Rxe7 Rxe7 37. Nc1 Re1 38. Kg1 Bxf3 39. Kf2 Rxf1+ 40. Kxf1 Bg2+ 41. Kf2 Qc2+ 42. Ne2 Qxb3 43. f6 Bd5 44. g4 Bf7 45. g5 Qc2 46. Qg4+ Kb7 47. Kg3 Qd3+ 48. Qf3+ Qxf3+ 49. Kxf3 Kc6 50. Ke4 Bg6+ 51. Ke5 Kd7 52. Nf4 Be8 53. g6 a5 54. Kf5 a4 55. f7 Bxf7 56. gxf7 Ke7 57. Kg6 1-0

[Event "FRA-chT2A 0506"]
[Site "France"]
[Date "2005.10.16"]
[Round "1.6"]
[White "Brossard, Armel"]
[Black "Murie, Eric"]
[Result "1/2-1/2"]
[WhiteElo "2194"]
[BlackElo "2103"]
[PlyCount "90"]
[EventDate "2005.10.27"]
[EventType "team-tourn"]
[EventRounds "11"]
[EventCountry "FRA"]
[SourceTitle "EXT 2006"]
[Source "ChessBase"]
[SourceDate "2005.11.24"]
[SourceVersion "1"]
[SourceVersionDate "2005.11.24"]
[SourceQuality "1"]
[WhiteTeam "Issy les Moulineaux"]
[BlackTeam "Nantes"]
[WhiteTeamCountry "FRA"]
[BlackTeamCountry "FRA"]

1. e4 e5 2. Nf3 Nc6 3. d4 exd4 4. Nxd4 Nf6 5. Nc3 Bb4 6. Nxc6 bxc6 7. Bd3 d5 8. exd5 cxd5 9. 0-0 0-0 10. Bg5 c6 11. Na4 Qd6 12. Bh4 Bg4 13. Qb1 Bd2 14. c3 h6 15. Bg3 Bf4 16. Bxf4 Qxf4 17. Nc5 Nd7 18. Nxd7 Bxd7 19. Qc2 c5 20. Rad1 Bc6 21. Qd2 Qxd2 22. Rxd2 Rfe8 23. Rfd1 Rad8 24. f4 Rd6 25. Bc2 d4 26. cxd4 Red8 27. d5 Rxd5 28. Rxd5 Rxd5 29. Rxd5 Bxd5 30. a3 Kf8 31. Kf2 Ke7 32. g3 f6 33. Ke3 Kd6 34. Bg6 Ba2 35. Bh7 Bd5 36. Bc2 Bf7 37. Be4 Bc4 38. Bc2 Bd5 39. Ba4 Bf7 40. Bb5 Bd5 41. Kd3 Bf7 42. Bc4 Bg6+ 43. Kc3 Bh5 44. Bg8 Be2 45. Bc4 Bh5 1/2-1/2

[Event "FRA-chT2 0405"]
[Site "France"]
[Date "2005.01.09"]
[Round "6.7"]
[White "Murie, Eric"]
[Black "Guyard, Rodolphe"]
[Result "1-0"]
[WhiteElo "2052"]
[BlackElo "2148"]
[PlyCount "65"]
[EventDate "2004.10.10"]
[EventType "team"]
[EventRounds "11"]
[EventCountry "FRA"]
[SourceTitle "EXT 2006"]
[Source "ChessBase"]
[SourceDate "2005.11.24"]
[SourceVersion "1"]
[SourceVersionDate "2005.11.24"]
[SourceQuality "1"]

1. e4 c5 2. Nf3 d6 3. Bb5+ Bd7 4. Bxd7+ Qxd7 5. c4 Qg4 6. 0-0 Qxe4 7. d4 cxd4 8. Nxd4 Nc6 9. Nb5 0-0-0 10. Re1 Qf5 11. N1c3 Nf6 12. Be3 Kb8 13. Qa4 a6 14. b4 d5 15. Nd4 Nxd4 16. Bxd4 Qd7 17. Qa5 e5 18. Bxe5+ Bd6 19. Bxf6 gxf6 20. Nxd5 Rhg8 21. Nxf6 Qc6 22. Nxg8 Rxg8 23. Qd5 Qc7 24. g3 Bxb4 25. Red1 Bc5 26. Rd3 Rf8 27. Rb1 b6 28. Re1 f5 29. Qd7 h5 30. Re8+ Kb7 31. Qxc7+ Kxc7 32. Rxf8 Bxf8 33. Rf3 1-0

[Event "Rohde op 04th"]
[Site "Sautron "]
[Date "2004.10.25"]
[Round "7"]
[White "Zimmerman, Yuri"]
[Black "Murie, Eric"]
[Result "1-0"]
[WhiteElo "2365"]
[BlackElo "2069"]
[PlyCount "55"]
[EventDate "2004.10.23"]
[EventType "swiss"]
[EventRounds "9"]
[EventCountry "FRA"]
[SourceTitle "EXT 2006"]
[Source "ChessBase"]
[SourceDate "2005.11.24"]
[SourceVersion "1"]
[SourceVersionDate "2005.11.24"]
[SourceQuality "1"]

1. d4 d5 2. c4 Nc6 3. Nc3 dxc4 4. Nf3 Nf6 5. Bg5 h6 6. Bxf6 exf6 7. e3 Bd6 8. Bxc4 0-0 9. 0-0 a6 10. Ne4 Be7 11. Qc2 f5 12. Ng3 f4 13. Nh5 fxe3 14. Qg6 Bf6 15. fxe3 Kh8 16. Qg3 Be6 17. Be2 Rg8 18. Nxf6 gxf6 19. Qf4 Kg7 20. Rad1 Ne7 21. e4 Bxa2 22. d5 Bb3 23. Rc1 c6 24. Nd4 cxd5 25. Qxf6+ Kh7 26. Nxb3 Rg6 27. Qxf7+ Rg7 28. Qe6 1-0